| 000 | 00633nam a2200217 a 4500 | ||
|---|---|---|---|
| 001 | 2897 | ||
| 003 | CDMR | ||
| 005 | 20131211112004.0 | ||
| 008 | 130130s1998||||sp |||||||||||||||||spa|d | ||
| 020 | _a8476764383 | ||
| 040 |
_aCDMR _bcat _cCPC GIRONA |
||
| 100 | 1 |
_aMoreno Sardà, Amparo _91644 |
|
| 245 | 1 | 3 |
_aLa mirada informativa _cAmparo Moreno Sardà |
| 260 |
_aBarcelona _bBosch _c1998 |
||
| 300 | _a190 p. | ||
| 610 | 2 |
_93842 _aEl Caso (Madrid, 1952) |
|
| 650 | 0 | 4 |
_93542 _aMitjans de comunicació de massa _xInfluència |
| 650 | 0 | 4 |
_94289 _aComunicació _xAspectes socials |
| 650 | 0 | 4 |
_92326 _aPremsa i llenguatge |
| 942 |
_cMON _2udc |
||
| 999 |
_c2897 _d2897 |
||